| 000 | 00907nam a22002537a 4500 | ||
|---|---|---|---|
| 999 |
_c12766 _d12766 |
||
| 003 | AR-CdUCM | ||
| 008 | 190410b ||||| |||| 00| 0 spa d | ||
| 020 | _a9972691202 | ||
| 040 |
_aMUNICIPALIDAD PROVINCIAL DEL CUSCO _cBIBLIOTECA MUNICIPAL DEL CUSCO |
||
| 082 |
_a398.209 / _bG22 |
||
| 100 |
_aGamarra, Eliana _930812 |
||
| 245 |
_aHistorias de mi pueblo : _bOllantaytambo -- Maras -- Pumahuanca - Yucay / |
||
| 260 |
_aCuzco : _bCBC, _c1999. |
||
| 300 |
_a43 páginas ; _c21 cm. |
||
| 440 |
_aBiblioteca de la tradición oral andina _n18 _930813 |
||
| 505 | _aLa inagotable creatividad andina -- Pasado y presente de la ciudad inca viviente -- historia de mi pueblo Ollantaytambo... | ||
| 650 |
_aOllantaytambo _93165 |
||
| 650 |
_aMaras. _930814 |
||
| 650 |
_aPumahuanca. _930815 |
||
| 650 |
_aYucay. _930816 |
||
| 700 |
_aBaica, Miguel _930817 |
||
| 942 |
_2ddc _cLIBROS |
||
| 945 |
_awfj _d2019-04-10 |
||